000
00240nam a2200085Ia 4500
245
0
_a
Hear the ringdove call
100
_a
Court, Peter Wandsbeck, South Africa, 2007
_9
70460
942
_c
BK
008
210817s9999 xx 000 0 und d
999
_c
298243
_d
298242